| 000 | 00830 a2200253 4500 | ||
|---|---|---|---|
| 003 | CBULib | ||
| 005 | 20250612092524.0 | ||
| 008 | 241029b |||||||| |||| 00| 0 eng d | ||
| 020 | _a9781409453437 | ||
| 040 |
_bEnglish _cCBULib _erda |
||
| 050 | _aK 376 Soc | ||
| 100 | _aBaier, Matthias | ||
| 245 |
_aSocial and legal norms : towards a socio-legal understanding of normativity _c/ edited by Baier Matthias |
||
| 260 |
_bAshgate : _c2013 _aSurrey, |
||
| 300 | _axiv, 347 pages : illustrations | ||
| 336 |
_2rdacontent _aText | _btxt |
||
| 337 |
_2rdamedia _aUnmediated | _bn |
||
| 338 |
_2rdacarrier _aVolume _bnc |
||
| 500 | _aIncludes bibliographical references and index | ||
| 650 | 0 |
_9934 _aSOCIOLOGICAL JURISPRUDENCE |
|
| 650 | 0 |
_93843 _aSOCIAL NORMS - PHILOSOPHY |
|
| 650 | 0 |
_9933 _aLAW--PHILOSOPHY |
|
| 942 |
_2lcc _c002 |
||
| 999 |
_c85700 _d85700 |
||